00447nam a22001577a 450000500170000001000140001702000260003103700210005708200060007810000200008424500330010426000380013727000540017530000190022950000410024820260228155839.0 aBACCHEN26 a9789367603499c495.00 bSharda Prakashan aS aSharma, Vaidehi aMoney Smart/cVaidehi Sharma aNew DelhibSharda Prakashanc2025 aF-3/16, Ansari Road, DaryaganjbNew Delhie110002 a91p.c22cm(Hb) aFirst Lessons on Saving and Spending